[Event "DVM U20w 2022"]
[Site "Münster GER"]
[Date "2022.12.28"]
[Round "4"]
[White "Gröschel, Karoline"]
[Black "Evering, Enna"]
[Result "1/2-1/2"]
[Termination "normal"]
[Board "4.2"]
[WhiteElo "1709"]
[BlackElo "1511"]
[WhiteClock "00:12:16"]
[BlackClock "00:10:46"]
[WhiteTeam "SC Landskrone"]
[BlackTeam "Elmshorner SC von 1896"]
[PlyCount "115"]
[WhiteFideId "34610537"]
[BlackFideId "16218213"]
[EventCountry "GER"]
[EventRounds "7"]
[EventType "team-swiss"]
[EventDate "2022.12.26"]

1. e4 {[%clk 01:30:58]} {[%emt 00:00:01]} e5 {[%clk 01:30:54]} {[%emt
00:00:07]} 2. Nf3 {[%clk 01:31:24]} {[%emt 00:00:04]} Nc6 {[%clk 01:31:16]}
{[%emt 00:00:07]} 3. Bb5 {[%clk 01:31:50]} {[%emt 00:00:04]} a6 {[%clk
01:31:40]} {[%emt 00:00:06]} 4. Ba4 {[%clk 01:32:09]} {[%emt 00:00:11]} b5
{[%clk 01:32:04]} {[%emt 00:00:07]} 5. Bb3 {[%clk 01:32:33]} {[%emt 00:00:06]}
Be7 {[%clk 01:32:27]} {[%emt 00:00:07]} 6. O-O {[%clk 01:32:46]} {[%emt
00:00:17]} Nf6 {[%clk 01:32:42]} {[%emt 00:00:15]} 7. Re1 {[%clk 01:33:08]}
{[%emt 00:00:08]} d6 {[%clk 01:32:20]} {[%emt 00:00:51]} 8. c3 {[%clk
01:32:33]} {[%emt 00:01:05]} O-O {[%clk 01:31:50]} {[%emt 00:01:01]} 9. h3
{[%clk 01:33:00]} {[%emt 00:00:04]} Na5 {[%clk 01:32:00]} {[%emt 00:00:19]} 10.
Bc2 {[%clk 01:33:22]} {[%emt 00:00:08]} c5 {[%clk 01:32:18]} {[%emt 00:00:12]}
11. d4 {[%clk 01:33:44]} {[%emt 00:00:08]} Qc7 {[%clk 01:32:03]} {[%emt
00:00:44]} 12. d5 {[%clk 01:34:10]} {[%emt 00:00:05]} Nc4 {[%clk 01:27:51]}
{[%emt 00:04:41]} 13. b3 {[%clk 01:34:18]} {[%emt 00:00:22]} Nb6 {[%clk
01:28:16]} {[%emt 00:00:06]} 14. a4 {[%clk 01:30:18]} {[%emt 00:04:30]} Bd7
{[%clk 01:26:30]} {[%emt 00:02:16]} 15. a5 {[%clk 01:29:33]} {[%emt 00:01:15]}
Nc8 {[%clk 01:26:11]} {[%emt 00:00:48]} 16. c4 {[%clk 01:29:47]} {[%emt
00:00:17]} b4 {[%clk 01:22:19]} {[%emt 00:04:21]} 17. Nbd2 {[%clk 01:21:36]}
{[%emt 00:08:41]} g6 {[%clk 01:14:30]} {[%emt 00:08:20]} 18. Nf1 {[%clk
01:14:52]} {[%emt 00:07:14]} Nh5 {[%clk 01:11:55]} {[%emt 00:03:06]} 19. g4
{[%clk 01:09:19]} {[%emt 00:06:03]} Nf4 {[%clk 01:05:36]} {[%emt 00:06:49]} 20.
Kh2 {[%clk 00:59:51]} {[%emt 00:09:58]} Bf6 {[%clk 00:47:21]} {[%emt 00:18:45]}
21. Ng3 {[%clk 00:47:28]} {[%emt 00:12:52]} Ne7 {[%clk 00:42:18]} {[%emt
00:05:33]} 22. Ne2 {[%clk 00:40:11]} {[%emt 00:07:48]} Nxe2 {[%clk 00:39:36]}
{[%emt 00:03:12]} 23. Qxe2 {[%clk 00:38:53]} {[%emt 00:01:48]} Bg7 {[%clk
00:38:16]} {[%emt 00:01:50]} 24. Rg1 {[%clk 00:35:20]} {[%emt 00:04:04]} Qc8
{[%clk 00:30:55]} {[%emt 00:07:51]} 25. Ra2 {[%clk 00:28:40]} {[%emt 00:07:10]}
Kh8 {[%clk 00:18:23]} {[%emt 00:13:01]} 26. Nh4 {[%clk 00:19:50]} {[%emt
00:09:20]} Bf6 {[%clk 00:14:56]} {[%emt 00:03:57]} 27. Ng2 {[%clk 00:18:01]}
{[%emt 00:02:20]} g5 {[%clk 00:11:59]} {[%emt 00:03:27]} 28. Qf3 {[%clk
00:17:10]} {[%emt 00:01:20]} Kg7 {[%clk 00:11:41]} {[%emt 00:00:48]} 29. Ne3
{[%clk 00:16:24]} {[%emt 00:01:17]} Qd8 {[%clk 00:09:30]} {[%emt 00:02:41]} 30.
Nf1 {[%clk 00:10:29]} {[%emt 00:06:25]} Ng6 {[%clk 00:09:02]} {[%emt 00:00:57]}
31. Ng3 {[%clk 00:09:40]} {[%emt 00:01:18]} Nf4 {[%clk 00:07:47]} {[%emt
00:01:47]} 32. Bxf4 {[%emt 00:01:23]} exf4 {[%clk 00:08:04]} {[%emt 00:00:11]}
33. Nh5 {[%clk 00:08:26]} {[%emt 00:00:53]} Kh8 {[%clk 00:08:06]} {[%emt
00:00:27]} 34. Qd3 {[%clk 00:05:32]} {[%emt 00:03:24]} Be5 {[%clk 00:07:59]}
{[%emt 00:00:38]} 35. f3 {[%clk 00:05:50]} {[%emt 00:00:12]} Rg8 {[%clk
00:06:19]} {[%emt 00:02:10]} 36. Kg2 {[%clk 00:05:11]} {[%emt 00:01:09]} Rg6
{[%clk 00:06:29]} {[%emt 00:00:21]} 37. Kf1 {[%clk 00:04:28]} {[%emt 00:01:13]}
f6 {[%clk 00:06:21]} {[%emt 00:00:38]} 38. Rh1 {[%clk 00:04:44]} {[%emt
00:00:15]} Be8 {[%clk 00:05:18]} {[%emt 00:01:32]} 39. h4 {[%clk 00:04:29]}
{[%emt 00:00:44]} Rh6 {[%clk 00:04:51]} {[%emt 00:00:59]} 40. hxg5 {[%clk
00:04:39]} {[%emt 00:00:20]} fxg5 {[%clk 00:05:01]} {[%emt 00:00:20]} 41. Bd1
{[%clk 00:02:52]} {[%emt 00:02:17]} Bxh5 {[%clk 00:03:38]} {[%emt 00:01:53]}
42. gxh5 {[%clk 00:03:12]} {[%emt 00:00:10]} Qd7 {[%clk 00:01:52]} {[%emt
00:02:16]} 43. Qe2 {[%clk 00:29:42]} {[%emt 00:04:00]} Qe7 {[%clk 00:27:22]}
{[%emt 00:05:00]} 44. Qg2 {[%clk 00:25:58]} {[%emt 00:04:14]} Kg7 {[%clk
00:23:05]} {[%emt 00:04:48]} 45. Qg4 {[%clk 00:25:25]} {[%emt 00:01:03]} Kf7
{[%clk 00:18:18]} {[%emt 00:05:17]} 46. Rg2 {[%clk 00:24:47]} {[%emt 00:01:08]}
Bf6 {[%clk 00:16:31]} {[%emt 00:02:17]} 47. Qf5 {[%clk 00:24:33]} {[%emt
00:00:41]} Ke8 {[%clk 00:15:05]} {[%emt 00:01:58]} 48. Be2 {[%clk 00:21:15]}
{[%emt 00:03:48]} Qd7 {[%clk 00:14:32]} {[%emt 00:01:04]} 49. Rxg5 {[%clk
00:20:16]} {[%emt 00:01:29]} Qxf5 {[%clk 00:12:41]} {[%emt 00:02:21]} 50. Rxf5
{[%clk 00:20:24]} {[%emt 00:00:22]} Be5 {[%clk 00:11:13]} {[%emt 00:01:58]} 51.
Rg1 {[%clk 00:20:41]} {[%emt 00:00:12]} Ke7 {[%clk 00:11:14]} {[%emt 00:00:30]}
52. Ke1 {[%clk 00:13:46]} {[%emt 00:07:25]} Rf8 {[%clk 00:11:10]} {[%emt
00:00:33]} 53. Rfg5 {[%clk 00:13:22]} {[%emt 00:00:53]} Bf6 {[%clk 00:11:12]}
{[%emt 00:00:29]} 54. Rf5 {[%clk 00:13:43]} {[%emt 00:00:09]} Bc3 {[%clk
00:10:46]} {[%emt 00:00:55]} 55. Kf1 {[%clk 00:12:16]} {[%emt 00:01:57]} Rxf5
56. exf5 Rxh5 {[%emt 00:00:01]} 57. Rg8 {[%emt 00:00:04]} Rxf5 {[%emt
00:00:25]} 58. Ra8 {[%emt 00:01:00]} 1/2-1/2

[Event "DVM U20w 2022"]
[Site "Münster GER"]
[Date "2022.12.28"]
[Round "4"]
[White "Margaryan, Susanna"]
[Black "Müller, Riyanna"]
[Result "0-1"]
[Termination "normal"]
[Board "4.3"]
[WhiteElo "1415"]
[BlackElo "1619"]
[WhiteClock "00:42:11"]
[BlackClock "00:55:41"]
[WhiteTeam "Elmshorner SC von 1896"]
[BlackTeam "SC Landskrone"]
[PlyCount "113"]
[WhiteFideId "16268210"]
[BlackFideId "16287401"]
[EventCountry "GER"]
[EventRounds "7"]
[EventType "team-swiss"]
[EventDate "2022.12.26"]

1. Nf3 {[%emt 00:00:08]} d5 {[%clk 01:30:43]} {[%emt 00:00:15]} 2. d4 {[%clk
01:31:18]} {[%emt 00:00:05]} Nf6 {[%clk 01:30:58]} {[%emt 00:00:15]} 3. Bf4
{[%clk 01:30:45]} {[%emt 00:01:03]} c5 {[%clk 01:30:48]} {[%emt 00:00:40]} 4.
c3 {[%clk 01:30:55]} {[%emt 00:00:20]} Nc6 {[%clk 01:30:04]} {[%emt 00:01:15]}
5. e3 {[%clk 01:31:01]} {[%emt 00:00:24]} Qb6 {[%clk 01:26:25]} {[%emt
00:04:08]} 6. Qb3 {[%clk 01:28:22]} {[%emt 00:03:10]} c4 {[%clk 01:26:27]}
{[%emt 00:00:28]} 7. Qxb6 {[%clk 01:28:24]} {[%emt 00:00:28]} axb6 {[%clk
01:26:45]} {[%emt 00:00:13]} 8. Nbd2 {[%clk 01:27:57]} {[%emt 00:00:56]} b5
{[%clk 01:26:03]} {[%emt 00:01:12]} 9. Be2 {[%clk 01:23:51]} {[%emt 00:04:36]}
b4 {[%clk 01:20:46]} {[%emt 00:05:47]} 10. O-O {[%clk 01:23:07]} {[%emt
00:01:14]} bxc3 {[%clk 01:16:16]} {[%emt 00:05:00]} 11. bxc3 {[%clk 01:23:29]}
{[%emt 00:00:08]} h6 {[%clk 01:14:19]} {[%emt 00:02:26]} 12. Ne5 {[%clk
01:20:10]} {[%emt 00:03:50]} Nxe5 {[%clk 01:12:32]} {[%emt 00:02:16]} 13. Bxe5
{[%clk 01:18:13]} {[%emt 00:02:28]} Bf5 {[%clk 01:12:09]} {[%emt 00:00:54]} 14.
Bxf6 {[%clk 01:16:56]} {[%emt 00:01:46]} exf6 {[%clk 01:12:04]} {[%emt
00:00:34]} 15. Bf3 {[%clk 01:16:59]} {[%emt 00:00:27]} Bd3 {[%clk 01:10:57]}
{[%emt 00:01:38]} 16. Rfe1 {[%clk 01:13:05]} {[%emt 00:04:25]} Ba3 {[%clk
01:08:48]} {[%emt 00:02:39]} 17. Bxd5 {[%clk 01:10:32]} {[%emt 00:03:03]} Bb2
{[%clk 01:06:59]} {[%emt 00:02:19]} 18. Nxc4 {[%clk 01:07:38]} {[%emt
00:03:23]} Bxc4 {[%clk 01:05:46]} {[%emt 00:01:44]} 19. Bxc4 {[%clk 01:07:59]}
{[%emt 00:00:09]} Bxc3 {[%clk 01:05:40]} {[%emt 00:00:36]} 20. Rec1 {[%clk
01:07:52]} {[%emt 00:00:37]} Bxa1 {[%clk 01:05:45]} {[%emt 00:00:25]} 21. Rxa1
{[%clk 01:07:50]} {[%emt 00:00:31]} O-O {[%clk 01:05:16]} {[%emt 00:01:00]} 22.
a4 {[%clk 01:05:36]} {[%emt 00:02:45]} Rfc8 {[%clk 01:04:29]} {[%emt 00:01:17]}
23. Bb5 {[%clk 01:05:05]} {[%emt 00:01:00]} Kf8 {[%clk 01:01:49]} {[%emt
00:03:09]} 24. Rd1 {[%clk 01:03:16]} {[%emt 00:02:20]} Ke7 {[%clk 01:01:36]}
{[%emt 00:00:44]} 25. d5 {[%clk 01:00:22]} {[%emt 00:03:24]} Kd6 {[%clk
01:01:05]} {[%emt 00:01:01]} 26. f4 {[%clk 00:58:28]} {[%emt 00:02:23]} f5
{[%clk 01:00:00]} {[%emt 00:01:34]} 27. g4 {[%clk 00:53:29]} {[%emt 00:05:30]}
fxg4 {[%clk 00:55:42]} {[%emt 00:04:48]} 28. e4 {[%clk 00:53:44]} {[%emt
00:00:14]} f6 {[%clk 00:55:55]} {[%emt 00:00:18]} 29. e5 {[%clk 00:52:14]}
{[%emt 00:02:00]} fxe5 {[%clk 00:55:59]} {[%emt 00:00:26]} 30. fxe5 {[%clk
00:52:40]} {[%emt 00:00:05]} Kxe5 {[%clk 00:56:22]} {[%emt 00:00:07]} 31. d6
{[%clk 00:53:03]} {[%emt 00:00:07]} Rc5 {[%clk 00:56:39]} {[%emt 00:00:11]} 32.
d7 {[%clk 00:53:09]} {[%emt 00:00:26]} Rxb5 {[%clk 00:53:40]} {[%emt 00:03:29]}
33. axb5 {[%clk 00:51:25]} {[%emt 00:02:14]} Rd8 {[%clk 00:53:52]} {[%emt
00:00:18]} 34. Re1 {[%clk 00:48:54]} {[%emt 00:03:01]} Kd6 {[%clk 00:54:07]}
{[%emt 00:00:15]} 35. Re4 {[%clk 00:48:52]} {[%emt 00:00:32]} Rxd7 {[%clk
00:54:24]} {[%emt 00:00:12]} 36. Rxg4 {[%clk 00:48:57]} {[%emt 00:00:25]} Kc5
{[%clk 00:54:43]} {[%emt 00:00:10]} 37. Kf2 {[%clk 00:47:49]} {[%emt 00:01:39]}
Kxb5 {[%clk 00:55:04]} {[%emt 00:00:09]} 38. Ke3 {[%clk 00:47:56]} {[%emt
00:00:23]} Kc5 {[%clk 00:55:11]} {[%emt 00:00:22]} 39. Rg2 {[%clk 00:47:47]}
{[%emt 00:00:39]} b5 {[%clk 00:55:24]} {[%emt 00:00:18]} 40. Rc2 {[%clk
00:47:19]} {[%emt 00:00:59]} Kb4 {[%clk 00:55:34]} {[%emt 00:00:20]} 41. Rb2
{[%clk 00:47:16]} {[%emt 00:00:33]} Kc4 {[%clk 00:55:44]} {[%emt 00:00:18]} 42.
Rc2 {[%clk 00:46:13]} {[%emt 00:01:35]} Kb3 {[%clk 00:56:07]} {[%emt 00:00:07]}
43. Rc6 {[%clk 00:45:16]} {[%emt 00:01:28]} b4 {[%clk 00:55:14]} {[%emt
00:01:23]} 44. Rb6 {[%clk 00:45:22]} {[%emt 00:00:24]} Kc3 {[%clk 00:55:09]}
{[%emt 00:00:33]} 45. Rc6 {[%clk 00:45:27]} {[%emt 00:00:27]} Kb2 {[%clk
00:55:24]} {[%emt 00:00:15]} 46. Rb6 {[%clk 00:44:55]} {[%emt 00:01:02]} b3
{[%clk 00:55:40]} {[%emt 00:00:14]} 47. Rb8 {[%clk 00:44:52]} {[%emt 00:00:33]}
Kc2 {[%clk 00:54:50]} {[%emt 00:01:20]} 48. Rc8 {[%clk 00:44:59]} {[%emt
00:00:23]} Kb1 {[%clk 00:55:11]} {[%emt 00:00:08]} 49. Rb8 {[%clk 00:44:38]}
{[%emt 00:00:52]} b2 {[%clk 00:55:26]} {[%emt 00:00:15]} 50. Rb6 {[%clk
00:44:11]} {[%emt 00:00:57]} Rd5 {[%clk 00:55:04]} {[%emt 00:00:51]} 51. Rg6
{[%clk 00:43:34]} {[%emt 00:01:08]} Ka2 {[%clk 00:55:03]} {[%emt 00:00:31]} 52.
Ra6 {[%clk 00:43:28]} {[%emt 00:00:36]} Kb3 {[%clk 00:55:22]} {[%emt 00:00:11]}
53. Rb6 {[%clk 00:43:23]} {[%emt 00:00:36]} Kc3 {[%clk 00:54:35]} {[%emt
00:01:11]} 54. Rc6 {[%clk 00:43:22]} {[%emt 00:00:36]} Kb4 {[%clk 00:54:58]}
{[%emt 00:00:07]} 55. Rb6 {[%clk 00:42:10]} {[%emt 00:01:42]} Rb5 {[%clk
00:55:20]} {[%emt 00:00:08]} 56. Rxb5 {[%clk 00:42:11]} {[%emt 00:00:29]} Kxb5
{[%clk 00:55:41]} {[%emt 00:00:09]} 57. Kd4 {[%emt 00:00:14]} 0-1

[Event "DVM U20w 2022"]
[Site "Münster GER"]
[Date "2022.12.28"]
[Round "4"]
[White "Klahold, Rona"]
[Black "Henninger, Claire"]
[Result "1/2-1/2"]
[Termination "normal"]
[Board "5.1"]
[WhiteElo "1553"]
[BlackElo "1534"]
[WhiteClock "00:36:14"]
[BlackClock "00:20:10"]
[WhiteTeam "Schachclub Porta Westfalica 1950"]
[BlackTeam "Karlsruher SF 1853 2"]
[PlyCount "40"]
[WhiteFideId "16222970"]
[BlackFideId "16200659"]
[EventCountry "GER"]
[EventRounds "7"]
[EventType "team-swiss"]
[EventDate "2022.12.26"]

1. d4 {[%clk 01:30:58]} {[%emt 00:00:01]} d5 {[%clk 01:30:55]} {[%emt
00:00:05]} 2. Bf4 {[%clk 01:31:23]} {[%emt 00:00:05]} Nf6 {[%clk 01:31:02]}
{[%emt 00:00:23]} 3. e3 {[%clk 01:31:44]} {[%emt 00:00:08]} e6 {[%clk
01:31:20]} {[%emt 00:00:12]} 4. Nd2 {[%clk 01:32:03]} {[%emt 00:00:11]} c5
{[%clk 01:31:20]} {[%emt 00:00:31]} 5. c3 {[%clk 01:31:48]} {[%emt 00:00:45]}
Nc6 {[%clk 01:31:31]} {[%emt 00:00:19]} 6. Ngf3 {[%clk 01:31:58]} {[%emt
00:00:20]} Bd6 {[%clk 01:24:21]} {[%emt 00:07:41]} 7. Ne5 {[%clk 01:30:48]}
{[%emt 00:01:40]} Qc7 {[%clk 01:19:46]} {[%emt 00:05:05]} 8. Nxc6 {[%clk
01:23:31]} {[%emt 00:07:47]} Bxf4 {[%clk 01:04:41]} {[%emt 00:15:33]} 9. Nxa7
{[%clk 01:16:07]} {[%emt 00:07:55]} Bxe3 {[%clk 00:54:45]} {[%emt 00:10:27]}
10. Nb5 {[%clk 01:09:53]} {[%emt 00:06:44]} Bxd2 {[%clk 00:53:23]} {[%emt
00:01:51]} 11. Qxd2 {[%clk 01:10:11]} {[%emt 00:00:13]} Qc6 {[%clk 00:46:54]}
{[%emt 00:06:58]} 12. Qf4 {[%clk 01:00:21]} {[%emt 00:10:20]} O-O {[%clk
00:44:28]} {[%emt 00:02:55]} 13. dxc5 {[%clk 00:54:36]} {[%emt 00:06:16]} Qxc5
{[%clk 00:41:40]} {[%emt 00:03:18]} 14. Qd6 {[%clk 00:52:30]} {[%emt 00:02:36]}
b6 {[%clk 00:35:25]} {[%emt 00:06:47]} 15. Bd3 {[%clk 00:48:09]} {[%emt
00:04:50]} Ba6 {[%clk 00:33:20]} {[%emt 00:02:35]} 16. Be2 {[%clk 00:41:28]}
{[%emt 00:07:10]} Qxd6 {[%clk 00:29:06]} {[%emt 00:04:45]} 17. Nxd6 {[%clk
00:41:56]} {[%emt 00:00:02]} Bxe2 {[%clk 00:27:28]} {[%emt 00:02:08]} 18. Kxe2
{[%clk 00:42:24]} {[%emt 00:00:02]} Ra5 {[%clk 00:25:45]} {[%emt 00:02:13]} 19.
Rhc1 {[%clk 00:37:00]} {[%emt 00:05:53]} Rfa8 {[%clk 00:23:54]} {[%emt
00:02:22]} 20. a3 {[%clk 00:36:14]} {[%emt 00:01:16]} Kf8 {[%clk 00:20:10]}
{[%emt 00:04:15]} 1/2-1/2

[Event "DVM U20w 2022"]
[Site "Münster GER"]
[Date "2022.12.28"]
[Round "4"]
[White "Shevchenko, Alyona"]
[Black "Duchstein, Anna"]
[Result "1-0"]
[Termination "normal"]
[Board "5.2"]
[WhiteElo "1342"]
[BlackElo "1636"]
[WhiteClock "00:38:55"]
[BlackClock "00:43:02"]
[WhiteTeam "Karlsruher SF 1853 2"]
[BlackTeam "Schachclub Porta Westfalica 1950"]
[PlyCount "41"]
[WhiteFideId "12983420"]
[BlackFideId "16261372"]
[EventCountry "GER"]
[EventRounds "7"]
[EventType "team-swiss"]
[EventDate "2022.12.26"]

1. e4 {[%clk 01:30:57]} {[%emt 00:00:03]} c5 {[%clk 01:30:55]} {[%emt
00:00:05]} 2. Nf3 {[%clk 01:31:20]} {[%emt 00:00:07]} a6 {[%clk 01:31:21]}
{[%emt 00:00:04]} 3. d4 {[%clk 01:31:27]} {[%emt 00:00:23]} cxd4 {[%clk
01:31:43]} {[%emt 00:00:08]} 4. Nxd4 {[%clk 01:31:53]} {[%emt 00:00:05]} Nf6
{[%clk 01:32:04]} {[%emt 00:00:08]} 5. Nc3 {[%clk 01:32:03]} {[%emt 00:00:19]}
e5 {[%clk 01:32:25]} {[%emt 00:00:10]} 6. Nf3 {[%clk 01:23:02]} {[%emt
00:09:31]} Bb4 {[%clk 01:19:25]} {[%emt 00:13:30]} 7. Bd2 {[%clk 01:21:15]}
{[%emt 00:02:17]} O-O {[%clk 01:15:56]} {[%emt 00:03:59]} 8. Bd3 {[%clk
01:19:13]} {[%emt 00:02:32]} Nc6 {[%clk 01:12:49]} {[%emt 00:03:37]} 9. Nd5
{[%clk 01:07:07]} {[%emt 00:12:35]} Bxd2 {[%clk 01:09:55]} {[%emt 00:03:25]}
10. Qxd2 {[%clk 01:07:28]} {[%emt 00:00:09]} b5 {[%clk 01:06:45]} {[%emt
00:03:39]} 11. a4 {[%clk 01:00:07]} {[%emt 00:07:52]} bxa4 {[%clk 00:58:52]}
{[%emt 00:08:23]} 12. Rxa4 {[%clk 01:00:26]} {[%emt 00:00:11]} Bb7 {[%clk
00:56:12]} {[%emt 00:03:10]} 13. Qg5 {[%clk 00:54:52]} {[%emt 00:06:04]} Nxd5
{[%clk 00:54:03]} {[%emt 00:02:39]} 14. exd5 {[%clk 00:53:17]} {[%emt
00:02:05]} Qxg5 {[%clk 00:52:30]} {[%emt 00:02:04]} 15. Nxg5 {[%clk 00:53:05]}
{[%emt 00:00:42]} Nd4 {[%clk 00:51:57]} {[%emt 00:01:03]} 16. Bxh7 {[%clk
00:47:55]} {[%emt 00:05:40]} Kh8 {[%clk 00:52:19]} {[%emt 00:00:08]} 17. Be4
{[%clk 00:48:20]} {[%emt 00:00:06]} f5 {[%clk 00:49:44]} {[%emt 00:03:04]} 18.
c3 {[%clk 00:48:07]} {[%emt 00:00:42]} Nb3 {[%clk 00:48:14]} {[%emt 00:02:01]}
19. Bc2 {[%clk 00:44:23]} {[%emt 00:04:14]} Bxd5 {[%clk 00:46:40]} {[%emt
00:02:04]} 20. O-O {[%clk 00:39:11]} {[%emt 00:05:41]} Bg8 {[%clk 00:43:02]}
21. Rh4 {[%clk 00:38:55]} {[%emt 00:04:55]} 1-0

[Event "DVM U20w 2022"]
[Site "Münster GER"]
[Date "2022.12.28"]
[Round "4"]
[White "Schmidt, Inga"]
[Black "Kuran, Olivia"]
[Result "1-0"]
[Termination "normal"]
[Board "5.3"]
[WhiteElo "1163"]
[BlackElo "1096"]
[WhiteClock "00:28:05"]
[BlackClock "01:02:19"]
[WhiteTeam "Schachclub Porta Westfalica 1950"]
[BlackTeam "Karlsruher SF 1853 2"]
[PlyCount "62"]
[WhiteFideId "16284526"]
[BlackFideId "16279670"]
[EventCountry "GER"]
[EventRounds "7"]
[EventType "team-swiss"]
[EventDate "2022.12.26"]

1. e4 e5 2. Nf3 Nc6 3. Bc4 Bc5 4. c3 Nf6 5. d4 exd4 6. e5 Ng4 7. cxd4 Bb4 8.
Nc3 d6 9. h3 {[%clk 01:30:58]} Nh6 {[%emt 00:23:27]} 10. Bg5 Qd7 11. O-O dxe5
12. dxe5 Qxd1 {[%clk 01:24:28]} 13. Nxd1 {[%clk 01:18:28]} Be7 {[%emt
00:31:03]} 14. Bf4 Bd7 15. a3 O-O-O {[%clk 01:13:10]} 16. Bxh6 {[%clk
01:01:02]} gxh6 {[%emt 00:14:08]} 17. Bxf7 Bf5 18. Nc3 Bg6 19. Be6 Kb8 20. h4
Nd4 21. Nxd4 Rxd4 22. Rad1 Rxd1 23. Rxd1 Rd8 24. Rxd8 Bxd8 25. f4 c6 {[%clk
01:12:21]} 26. Kf2 {[%clk 00:55:58]} Bb6 {[%clk 01:05:50]} {[%emt 00:38:03]}
27. Ke2 {[%clk 00:31:16]} Kc7 {[%clk 01:03:55]} {[%emt 00:06:06]} 28. g4 {[%clk
00:29:14]} Kd8 {[%emt 00:03:59]} 29. f5 Be8 30. Kd3 Bd7 {[%clk 01:02:59]} 31.
Bg8 {[%clk 00:28:05]} Be8 {[%clk 01:02:19]} {[%emt 00:02:48]} 1-0

[Event "DVM U20w 2022"]
[Site "Münster GER"]
[Date "2022.12.28"]
[Round "4"]
[White "Gietzelt, Magdalena"]
[Black "Dieckmann, Phibie"]
[Result "1-0"]
[Termination "normal"]
[Board "5.4"]
[WhiteElo "1165"]
[BlackElo "1020"]
[WhiteClock "01:17:03"]
[BlackClock "01:04:52"]
[WhiteTeam "Karlsruher SF 1853 2"]
[BlackTeam "Schachclub Porta Westfalica 1950"]
[PlyCount "69"]
[WhiteFideId "16298403"]
[BlackFideId "34607161"]
[EventCountry "GER"]
[EventRounds "7"]
[EventType "team-swiss"]
[EventDate "2022.12.26"]

1. e4 {[%clk 01:30:59]} e5 {[%clk 01:30:55]} {[%emt 00:00:05]} 2. Nf3 {[%clk
01:31:26]} {[%emt 00:00:03]} Nc6 {[%clk 01:31:06]} {[%emt 00:00:19]} 3. Bc4
{[%clk 01:31:53]} {[%emt 00:00:03]} Bc5 {[%clk 01:31:18]} {[%emt 00:00:18]} 4.
c3 {[%clk 01:30:42]} {[%emt 00:01:41]} Bb6 {[%clk 01:29:14]} {[%emt 00:02:34]}
5. d4 {[%clk 01:30:09]} {[%emt 00:01:02]} d6 {[%clk 01:27:48]} {[%emt
00:01:56]} 6. Ng5 {[%clk 01:25:05]} {[%emt 00:05:34]} Be6 {[%clk 01:23:40]}
{[%emt 00:04:38]} 7. d5 {[%clk 01:25:05]} {[%emt 00:00:29]} Qf6 {[%clk
01:21:26]} {[%emt 00:02:44]} 8. O-O {[%clk 01:23:28]} {[%emt 00:02:08]} Na5
{[%clk 01:15:27]} {[%emt 00:06:31]} 9. dxe6 {[%clk 01:21:45]} {[%emt 00:02:12]}
Nxc4 {[%clk 01:13:15]} {[%emt 00:02:39]} 10. exf7 {[%clk 01:21:20]} {[%emt
00:00:58]} Kd8 {[%emt 00:01:54]} 11. f8=Q {[%clk 01:21:25]} {[%emt 00:00:01]}
Qxf8 {[%emt 00:00:08]} 12. Ne6 {[%emt 00:00:17]} Kd7 {[%clk 01:11:17]} {[%emt
00:01:04]} 13. Nxf8 {[%clk 01:21:38]} {[%emt 00:00:17]} Rxf8 {[%clk 01:11:36]}
{[%emt 00:00:11]} 14. Qa4 {[%clk 01:21:54]} {[%emt 00:00:14]} c6 {[%clk
01:11:29]} {[%emt 00:00:37]} 15. Qxc4 {[%clk 01:22:02]} {[%emt 00:00:22]} Nf6
{[%clk 01:11:24]} {[%emt 00:00:35]} 16. Be3 {[%clk 01:21:23]} {[%emt 00:01:09]}
d5 {[%clk 01:11:13]} {[%emt 00:00:40]} 17. exd5 {[%clk 01:21:28]} {[%emt
00:00:24]} cxd5 {[%clk 01:11:33]} {[%emt 00:00:11]} 18. Qb5 {[%clk 01:21:44]}
{[%emt 00:00:15]} Kc7 {[%clk 01:11:27]} {[%emt 00:00:35]} 19. Bxb6 {[%clk
01:21:36]} {[%emt 00:00:38]} axb6 {[%clk 01:11:45]} {[%emt 00:00:13]} 20. c4
{[%clk 01:20:05]} {[%emt 00:02:01]} Kd6 {[%clk 01:10:37]} {[%emt 00:01:37]} 21.
Qxb6 {[%clk 01:20:08]} {[%emt 00:00:27]} Kd7 {[%clk 01:10:49]} {[%emt
00:00:18]} 22. Qxb7 {[%clk 01:19:49]} {[%emt 00:00:49]} Kd6 {[%clk 01:10:27]}
{[%emt 00:00:52]} 23. cxd5 {[%clk 01:19:36]} {[%emt 00:00:43]} Rb8 {[%clk
01:08:59]} {[%emt 00:01:58]} 24. Qc6 {[%clk 01:19:08]} {[%emt 00:00:58]} Ke7
{[%clk 01:09:14]} {[%emt 00:00:14]} 25. Re1 {[%clk 01:18:30]} {[%emt 00:01:09]}
e4 {[%clk 01:08:07]} {[%emt 00:01:38]} 26. Nc3 {[%clk 01:17:50]} {[%emt
00:01:10]} Rhf8 {[%clk 01:06:53]} {[%emt 00:01:44]} 27. Nxe4 {[%clk 01:16:47]}
{[%emt 00:01:33]} Ng4 {[%clk 01:06:40]} {[%emt 00:00:42]} 28. Nf6 {[%clk
01:16:08]} {[%emt 00:01:09]} Kf7 {[%clk 01:06:45]} {[%emt 00:00:25]} 29. Qe6
{[%clk 01:16:17]} {[%emt 00:00:22]} Kg6 {[%clk 01:06:52]} {[%emt 00:00:22]} 30.
Nxg4 {[%clk 01:16:21]} {[%emt 00:00:26]} Rf6 {[%clk 01:06:54]} {[%emt
00:00:28]} 31. Nxf6 {[%clk 01:16:38]} {[%emt 00:00:13]} gxf6 {[%clk 01:07:08]}
{[%emt 00:00:15]} 32. Qg4 {[%clk 01:16:50]} {[%emt 00:00:19]} Kf7 {[%clk
01:07:21]} {[%emt 00:00:17]} 33. d6 {[%clk 01:17:00]} {[%emt 00:00:19]} Kf8
{[%clk 01:05:45]} {[%emt 00:02:07]} 34. Re7 {[%clk 01:17:03]} {[%emt 00:00:28]}
Re8 {[%clk 01:04:52]} {[%emt 00:01:23]} 35. Qg7# {[%emt 00:00:07]} 1-0

[Event "DVM U20w 2022"]
[Site "Münster GER"]
[Date "2022.12.28"]
[Round "4"]
[White "Wolterink, Jule"]
[Black "Tabakh, Najat"]
[Result "1-0"]
[Termination "normal"]
[Board "6.1"]
[WhiteElo "1424"]
[BlackElo "1330"]
[WhiteTeam "SK Lehrte von 1919 e. V."]
[BlackTeam "SV Bad Oldesloe"]
[PlyCount "25"]
[WhiteFideId "12981206"]
[BlackFideId "16209109"]
[EventCountry "GER"]
[EventRounds "7"]
[EventType "team-swiss"]
[EventDate "2022.12.26"]

1. e4 e5 2. Nf3 Nc6 3. d4 d6 4. Nc3 Be6 5. d5 Bxd5 6. exd5 Nce7 7. Bb5 c6 8.
dxc6 bxc6 9. Ba4 Nf6 10. Bg5 Nfd5 11. Nxd5 Qa5 12. Nc3 Nf5 13. Bxc6# 1-0